000
00335nam a2200133Ia 4500
008
231017s9999 xx 000 0 und d
082
_a
363.1250994KLO
082
_b
KLO
245
4
_a
The Crash and Offence Experience of Newly Licensed Young Drivers
245
0
_c
Austroads
260
_b
Austroads
300
_c
30cm
942
_c
REP
999
_c
603716
_d
603716